00496 2200193 4500001002100000005001500021035002000036007000300056008004100059082001400100084002000114100002200134245002700156260003900183300003800222650001700260856001700277990000800294INLIS00000000000028920220413103545 a0010-0422000007ta220413 g 0 ara  a297.12251 a297.12251 SYA t0 aMuhammad Saifudin1 aTerjmah tafsir perkata aBandung :bSygma Publishing,c2010 aix + 604 + 19 hlm ;c21 x 29.7 cm 4aStudi Hadits aKoleksi Umum a351